MARC details
| 000 -LEADER |
| campo de control de longitud fija |
03062nam a2200529 i 4500 |
| 001 - NÚMERO DE CONTROL |
| campo de control |
196003 |
| 003 - IDENTIFICADOR DE NÚMERO DE CONTROL |
| campo de control |
ES-MaACL |
| 005 - FECHA Y HORA DE LA ÚLTIMA TRANSACCIÓN |
| campo de control |
20250416063106.0 |
| 008 - DATOS DE LONGITUD FIJA--INFORMACIÓN GENERAL |
| campo de control de longitud fija |
240809s2020 sp a | ||||o000 0 spa |
| 015 ## - NÚMERO DE BIBLIOGRAFÍA NACIONAL |
| Número de bibliografía nacional |
MON20 |
| 017 ## - NÚMERO DE COPYRIGHT O DE DEPÓSITO LEGAL |
| Número de copyright o de depósito legal |
M 21890-2020 |
| Agencia que asigna |
Oficina Depósito Legal Madrid |
| 020 ## - NÚMERO INTERNACIONAL ESTÁNDAR DEL LIBRO |
| Número Internacional Estándar del Libro |
9788483471876 |
| 024 7# - IDENTIFICADOR DE OTROS ESTÁNDARES |
| Número estándar o código |
109-20-054-9 |
| Información calificativa |
en papel |
| Fuente del número o código |
nipo |
| 024 7# - IDENTIFICADOR DE OTROS ESTÁNDARES |
| Número estándar o código cancelado o inválido |
NIPO 109-20-055-4 |
| Información calificativa |
en línea |
| Fuente del número o código |
nipo |
| 035 ## - NÚMERO DE CONTROL DEL SISTEMA |
| Número de control de sistema |
(SpMaBN)a6742893 |
| 035 ## - NÚMERO DE CONTROL DEL SISTEMA |
| Número de control de sistema |
32715751-34bne_inst |
| 035 ## - NÚMERO DE CONTROL DEL SISTEMA |
| Número de control de sistema |
991029699259708606 |
| 040 ## - FUENTE DE CATALOGACIÓN |
| Centro catalogador/agencia de origen |
SpMaBN |
| Lengua de catalogación |
spa |
| Centro/agencia transcriptor |
ES-MaACL |
| 080 ## - NÚMERO DE LA CLASIFICACIÓN DECIMAL UNIVERSAL |
| Número de la Clasificación Decimal Universal |
027(460.271) |
| 080 ## - NÚMERO DE LA CLASIFICACIÓN DECIMAL UNIVERSAL |
| Número de la Clasificación Decimal Universal |
341.232.7 |
| 080 ## - NÚMERO DE LA CLASIFICACIÓN DECIMAL UNIVERSAL |
| Número de la Clasificación Decimal Universal |
339.96 |
| 080 ## - NÚMERO DE LA CLASIFICACIÓN DECIMAL UNIVERSAL |
| Número de la Clasificación Decimal Universal |
021.64 |
| 100 ## - ENTRADA PRINCIPAL--NOMBRE DE PERSONA |
| Nombre de persona |
García Martín, Araceli, |
| Fechas asociadas al nombre |
1962- |
| 9 (RLIN) |
237965 |
| Término indicativo de función/relación |
Autor |
| 245 10 - MENCIÓN DEL TÍTULO |
| Título |
Cooperación para el desarrollo y bibliotecas / |
| Mención de responsabilidad, etc. |
Araceli García Martín. |
| 250 ## - MENCION DE EDICION |
| Mención de edición |
Primera edición 2020 |
| 264 #1 - PRODUCCIÓN, PUBLICACIÓN, DISTRIBUCIÓN, FABRICACIÓN Y COPYRIGHT |
| Producción, publicación, distribución, fabricación y copyright |
Madrid : |
| Nombre del de productor, editor, distribuidor, fabricante |
AECID, |
| Fecha de producción, publicación, distribución, fabricación o copyright |
2020. |
| 300 ## - DESCRIPCIÓN FÍSICA |
| Extensión |
192 páginas : |
| Otras características físicas |
ilustraciones (color), gráficos (color) ; |
| Dimensiones |
23 cm. |
| 336 ## - TIPO DE CONTENIDO |
| Término de tipo de contenido |
Texto |
| Fuente |
rdacontent |
| 337 ## - TIPO DE MEDIO |
| Nombre/término del tipo de medio |
sin mediación |
| Fuente |
rdamedia |
| 338 ## - TIPO DE SOPORTE |
| Nombre/término del tipo de soporte |
volumen |
| Fuente |
rdacarrier |
| 500 ## - NOTA GENERAL |
| Nota general |
Incluye apéndices documentales |
| 504 ## - NOTA DE BIBLIOGRAFÍA, ETC. |
| Nota de bibliografía, etc. |
Bibliografía: páginas 183-192 |
| 520 ## - RESUMEN, ETC. |
| Sumario, etc. |
Las páginas que siguen a continuación reflejan el mundo de la cooperación para el desarrollo visto desde la Biblioteca de la AECID. La actividad profesional desarrollada a lo largo de muchos años en esta Biblioteca ha ido requiriendo una puesta al día de conocimientos, pues la cooperación es una disciplina complicada, cambiante y que exige actuar con metodología y rigor para sacar el máximo rendimiento a unos recursos siempre escasos. La adquisición de conocimientos se ha complementado con actividades reales en las que ha participado la Biblioteca. Éstas muestran un lado de la cooperación que es internacional, pero no por ello ha sido necesario trasladarse siempre al terreno para llevarlas a cabo. La revisión de numerosos proyectos (siempre relacionados con las bibliotecas) y la atención a muchos usuarios que venían a obtener información útil antes de iniciar un proyecto en el extranjero, junto a las imprescindibles lecturas especializadas, han sido la mejor escuela. |
| 610 #0 - PUNTO DE ACCESO ADICIONAL DE MATERIA--NOMBRE DE ENTIDAD CORPORATIVA |
| Nombre de entidad corporativa o nombre de jurisdicción como elemento de entrada |
Agencia Española de Cooperación Internacional para el Desarrollo- |
| Unidad subordinada |
Biblioteca |
| 9 (RLIN) |
237966 |
| 650 #4 - PUNTO DE ACCESO ADICIONAL DE MATERIA--TÉRMINO DE MATERIA |
| Término de materia o nombre geográfico como elemento de entrada |
Cooperación cultural |
| Fuente del encabezamiento o término |
embne |
| 9 (RLIN) |
11349 |
| 650 #0 - PUNTO DE ACCESO ADICIONAL DE MATERIA--TÉRMINO DE MATERIA |
| Término de materia o nombre geográfico como elemento de entrada |
Proyectos de desarrollo económico y social |
| Fuente del encabezamiento o término |
embne |
| 9 (RLIN) |
237967 |
| 650 #0 - PUNTO DE ACCESO ADICIONAL DE MATERIA--TÉRMINO DE MATERIA |
| Término de materia o nombre geográfico como elemento de entrada |
Cooperación entre bibliotecas |
| Fuente del encabezamiento o término |
embne |
| 9 (RLIN) |
237968 |
| 650 #0 - PUNTO DE ACCESO ADICIONAL DE MATERIA--TÉRMINO DE MATERIA |
| Término de materia o nombre geográfico como elemento de entrada |
Bibliotecas |
| 9 (RLIN) |
188814 |
| 852 ## - LOCALIZACIÓN |
| Ubicación |
ES-MaACL |
| Ubicación en estantería |
Depósito J |
| Número de control de estantería |
N-9123 |
| Anotaciones manuscritas |
Dedicatoria autógrafa de la autora |
| Donativo/Legado |
Donación: Araceli García Martín |
| Encuadernación |
Encuadernación rústica con solapas |
| itemnumber |
205032 |
| 876 ## - INFORMACIÓN DEL ÍTEM/UNIDAD FÍSICA--UNIDAD BIBLIOGRÁFICA BÁSICA |
| Número de ítem interno |
SDB 027:341.232.7 GAR |
| Designación de la unidad física |
1106370211 |
| Localización temporal |
SDB |
| Fuente de adquisición |
DEPOSITO_LEGAL |
| 883 1# - PROCEDENCIA DE METADATOS |
| Proceso de creación |
Cotejo registros de fondos y signatura-ítem |
| Fecha de creación |
20231105 |
| 903 ## - NOMBRE PERSONAL DE DONANTE |
| 9 |
237965 |
| a |
García Martín, Araceli, |
| d |
1962- |
| e |
Donante |
| 942 ## - ELEMENTOS DE ENTRADA SECUNDARIOS (KOHA) |
| Tipo de ítem Koha |
Libro impreso |
| Suprimir en OPAC |
No |